000 00384nam a22001697a 4500
003 MPLRDC
005 20220104123951.0
008 210129b ||||| |||| 00| 0 eng d
082 _a170.7 ZY
100 _a卓瑜
245 _a心理趣谈
_c
250 _a再版
260 _a
_b香港宏业书局
_c1966
300 _b
650 _a心理学总论
942 _cBK
_o170.7 ZY
999 _c15599
_d15589